Wine Regions of Argentina - Statistics

General Stats
  • This quiz has been taken 246 times
  • The average score is 4 of 8
Answers on the Map
Answers color-coded by a green-red scale on the quiz's map according to % correct below.
 
Answer Stats
Answer % Correct
Mendoza
85%
Patagonia
76%
Salta
63%
Cafayate
49%
San Juan
48%
Maipú
43%
Uco Valley
42%
Luján de Cuyo
40%
No matching quizzes found
Score Distribution
Percent of People with Each Score
Percentile by Number Answered
Your Score History
You have not taken this quiz